000
00302nam a22001337a 4500
008
181029b xxu||||| |||| 00| 0 eng d
020
_a
2740319115351
041
_a
eng
080
_2
3 ED
_a
321
100
_a
21
101
_a
POL
245
_a
Modern Rhetorical Critism
_c
Hart.r.p
942
_2
udc
_c
BK
999
_c
50988
_d
50988